000 00913nas a2200301 4500
001 BR2016003704
003 BR-BrBNA
005 20231205130547.0
007 ta
008 230509b bl.|||p| |||| 00| 00por d
040 _aBR-BrBNA
_bpor
_cBiblioteca Nacional de Agricultura
041 _a(Pt)
072 _aH10; P01
100 1 _aRodrigues, E.N.L.
100 1 _aMendonça Junior, M. de S.
100 1 _aOtt, R.
245 1 _aFauna de aranhas (Arachnida, Araneae)em diferentes estágios do cultivo do arroz irrigado em Cachoeirinha, RS, Brasil
650 _aARANHA
650 _aARACNIDEO
650 _aECOSSISTEMA
650 _aECOLOGIA
650 _aFAUNA
650 _aARROZ IRRIGADO
650 _aÁCARO
773 0 _tIheringia. Série Zoologia (Brazil)
_xISSN 0073-4721
_g(Sep 2008), v. 98(3) p. 362-371
_wBR2016003704
909 _a202311
_bLúcia
_c55
_dLúcia Elande
942 _2AGRIS
_n0
_cANA
999 _c250105
_d250105